Expressions et stars - Statistiques

Statistiques générales
  • Ce quiz a été pris 44 fois
  • Le résultat moyen est 4 sur 19
Statistiques - réponses
Hint Réponse % Correct
Ce n'est pas demain la ---- ! Veil
74%
---- père, ---- fils Tell
54%
être ----- comme un cachet d'aspirine Blanc
51%
Souffler le ---- et le froid Chau
46%
----- comme de l'eau de roche Clerc
28%
ne pas être au bout de ses ---- Penn
26%
Les 2 font la ----- Peyre
26%
Voir la ---- rose Vian
26%
Qui dort ---- Dean
23%
---- en quelqu'un comme dans un livre ouvert Lear
23%
être tombé du --- Lee
18%
n'avoir que la --- sur les os Poe
15%
Faire ---- pieds et des mains Depp
10%
Faire des ---- de son corps Foly
10%
Faire la tête au ----- Carey
5%
être en tenue ---- Dave
3%
------- est bon Lecomte
3%
avoir avalé sa ---- Khan
0%
avoir une ----- de papier mâché Minne
0%
Aucun quiz correspondant
Distribution des résultats
% des personnes avec chaque résultat
Percentile par nombre de réponses
Votre historique - résultats
Vous n’avez pas pris ce quiz